History of Football by Decade A-Z - 2000s - Statistics

General Stats
  • This quiz has been taken 35 times
  • The average score is 16 of 26
Answer Stats
Letter Hint Answer % Correct
K German goalkeeper that was hero in 2001 UEFA Champions League final, but villain in 2002 FIFA World Cup final Oliver Kahn
94%
P Led by Mourinho on the bench and Deco in pitch, they won UEFA Cup and UEFA Champions League in consecutive years Porto FC
94%
F He was awarded the Ballon d'Or the same year he changed Barcelona for Real Madrid Luis Figo
91%
X This player was the brain of Spain and Barcelona, and was awarded Player of the Tournament of 2008 Euro (he is know by his first name) Xavi Hernández
91%
E In 2009 this is adopted as the new name for UEFA Cup Europa League
88%
D In 2000 this team won their first ever league title and ruined Real Madrid's 100th birthday Deportivo de la Coruña
82%
G He won the treble during his firsst professional season as manager, and ended that same year winning the 6 possible titles Pep Guardiola
82%
M He will always be remembered by the 2006 FIFA World Cup final, where he scored a goal and was victim of a famous headkick Marco Materazzi
79%
W Against all odds, they became Bundesliga champions for the first time in 2009 Wolfsburg
79%
I Nickname of the Arsenal squad that won the Premier League in 2004 with 0 games lost Invincibles
76%
J Nickname of the footballer that lead Olympique Lyonnais to winning seven consecutive league titles, specially remembered by his freekicks Juninho Pernambucano
74%
N This Ballon d'Or winner kept playing for Juventus even after they were sent to Serie B Pavel Nedved
74%
B He managed to win two leagues and a UEFA Cup with Valencia before performing a miracle in Istanbul Rafa Benítez
65%
A Nicknamed "The Emperor", he was a deadly scorer and starred in the cover of Pro Evolution Soccer 6 Adriano
62%
Y First ever asian city to host a FIFA World Cup final Yokohama
59%
T He scored the last ever golden goal in a Euro tournament, which led France to their second title David Trezeguet
56%
H After almost 100 years, Arsenal fleed from this stadium Highbury
56%
V This player managed to be top scorer in Premier League, La Liga and UEFA Champions League Ruud Van Nistelrooy
56%
Q This portuguese manager was assistant coach to Alex Ferguson and then fleed to Real Madrid, before managing his country's national team Carlos Queiroz
44%
C Scandal in italian league that ended up with Juventus dispossessed of a league title and playing in Serie B Calciopoli
35%
Z Player of the Tournament in 2004 Euro after captaining his national team to the title Theodoros Zagorakis
26%
S He scored the fastest goal ever (11 seconds) in a World Cup Hakan Sükür
24%
L They became the first equatorian team to win Copa Libertadores Liga de Quito
21%
R He is the manager that led Greece to an unpredictable win in 2004 UEFA Euro Otto Rehhagel
21%
O Against all odds, they became the second colombian team to win Copa Libertadores in 2004 Once Caldas
18%
U This swedish team became the first ever back-to-back champions of the UEFA Women's Cup Umea IK
6%
No matching quizzes found
Score Distribution
Percent of People with Each Score
Percentile by Number Answered
Your Score History
You have not taken this quiz